| 000 | 01035nab a22002537a 4500 | ||
|---|---|---|---|
| 999 |
_c5658 _d5658 |
||
| 003 | OSt | ||
| 005 | 20251226113158.0 | ||
| 008 | 190429b xxu||||| |||| 00| 0 spa d | ||
| 040 | _cPJ | ||
| 100 |
_96621 _aGuzmán Dalbora, José Luis |
||
| 245 | 1 | 0 |
_aEl humanismo : _btrayectoria, principios y resonancia penal de una tendencia espiritual / _cJosé Luis Guzmán Dalbora. |
| 260 |
_cCiudad Autónoma de Buenos Aires : _aThomson Reuters La Ley, _b2025. |
||
| 300 | _ap. 185-194 | ||
| 500 | _aCita: TR LALEY AR/DOC/1908/2025. | ||
| 505 | _tSi te interesa el texto completo, solicitalo a koha@justierradelfuego.gov.ar | ||
| 650 | 0 |
_9343 _aDERECHO PENAL |
|
| 650 | 0 |
_9614 _aDERECHOS HUMANOS |
|
| 650 | 0 |
_92486 _aCRIMINOLOGÍA |
|
| 650 | 0 |
_96334 _aCRÍMENES DE LESA HUMANIDAD |
|
| 650 | 0 |
_aCULPABILIDAD _92581 |
|
| 650 | 0 |
_aPENA DE MUERTE _96622 |
|
| 773 | 0 |
_02658 _93164 _tRevista de derecho penal y criminología. Nº 8 - Septiembre 2025 _dCiudad Autónoma de Buenos Aires : Thomson Reuters La Ley, 2017- _x00347914 |
|
| 942 |
_2udc _cANA |
||